Score 0/20 Timer 02:00
2 Plays Today
Robert De Niro Movie Missing Word % Correct
___ the ParentsMeet
95.8%
___ ExpectationsGreat
81.5%
Bang the ___ SlowlyDrum
79.4%
___ DriverTaxi
78.3%
___ BullRaging
72.5%
The ___ HunterDeer
66%
___ FearCape
65.7%
___ ThatAnalyze
54%
___ the DogWag
48%
___ by SuspicionGuilty
47%
Robert De Niro Movie Missing Word % Correct
Mean ___Streets
36.8%
We're No ___Angels
34.7%
A ___ TaleBronx
33.5%
This Boy's ___Life
30.6%
Marvin's ___Room
26.7%
___ RunMidnight
23.2%
Cop ___Land
23.1%
The King of ___Comedy
19.4%
Mad Dog and ___Glory
16.4%
Angel ___Heart
15.1%

Today's Daily Dose

Remove Ads.
Support Sporcle.
Get the best of Sporcle when you Go Orange. This ad-free experience offers more features, more stats, and more fun while also helping to support Sporcle. Thank you for becoming a member.

You're not logged in!

Compare scores with friends on all Sporcle quizzes.
OR
Log In

Show Comments

Extras

Top Quizzes Today


Score Distribution

Your Account Isn't Verified!

In order to create a playlist on Sporcle, you need to verify the email address you used during registration. Go to your Sporcle Settings to finish the process.

Report this User

Report this user for behavior that violates our Community Guidelines.

Details: